000 00445nab a2200145Ia 4500
003 ES-SlBCS
005 20210601125236.0
008 140529s1976 xxu||||| |||| 00| 0 eng d
041 _aeng
100 1 _aGoldstein, Leon J.
_9152121
245 0 0 _aEpistemic Attitudes and History
_c Leon J. Goldstein
650 0 4 _aEpistemología
_986254
773 0 _tPhilosophy and Phenomenological Research
_gvol. 37, 1976, págs. 181-192
_wRev1411
942 _cAR
999 _c527114
_d527114